| 000 | 00624nam a2200241Ia 4500 | ||
|---|---|---|---|
| 005 | 20260430150149.0 | ||
| 008 | 008 250103s9999 xx 000 0 eng d | ||
| 037 | _aTheses | ||
| 040 | _aCRL | ||
| 040 | _beng | ||
| 040 | _ceng | ||
| 041 | _2eng | ||
| 041 | _aeng | ||
| 084 | _qCRL | ||
| 100 |
_aMushtaq Hina Au.; Jaiswal Reetu Gu. _91236648 |
||
| 245 | 0 | _aPosition of women in the Quran: a feminist perspective | |
| 260 | _c2022 | ||
| 300 | _a138p. | ||
| 650 | _aPhilosophy | ||
| 700 |
_aUniveristy of Delhi. Faculty of Arts. Department of Philosophy _91236649 |
||
| 942 | _cTH | ||
| 999 |
_c1849107 _d1849107 |
||